Fast Math - Cubes - Statistics

General Stats
  • This quiz has been taken 70 times
  • The average score is 12 of 20
Answer Stats
Hint Answer % Correct
-2 -8
77%
1 1
74%
0 0
72%
-10 -1000
72%
3 27
72%
10 1000
70%
2 8
70%
30 27000
68%
4 64
68%
-4 -64
68%
5 125
64%
-5 -125
62%
-3 -27
62%
-9 -729
53%
6 216
51%
20 8000
51%
9 729
49%
8 512
36%
11 1331
34%
7 343
32%
No matching quizzes found
Score Distribution
Percent of People with Each Score
Percentile by Number Answered
Your Score History
You have not taken this quiz